000 00804cam a2200241 a 4500
001 2423591
005 20180104034752.0
008 871211s1988 dcua b 001 0 eng
010 _a 87034851
020 _a0870446274 :
_c$7.95
020 _a0870446320 (lib. bdg.) :
_c$9.50
040 _aDLC
_cDLC
_dDLC
041 _aeng
043 _an------
_an-mx---
_anc-----
080 _a970.01
082 0 0 _a970.01 STU
_219
100 1 _a16
101 _aHIS
245 1 0 _aAmerica's ancient cities /
_cby Gene S. Stuart ; photographed by Richard Alexander Cooke III ; paintings by H. Tom Hall ; prepared by the Special Publications Division, National Geographic Society, Washington, D.C.
504 _aBibliography: p. 199.
906 _a7
_bcbc
_corignew
_d1
_eocip
_f19
_gy-gencatlg
942 _2ddc
_cBK
999 _c39658
_d39658